000 00570nam a22001697a 4500
003 OSt
005 20240930154547.0
008 240930b |||||||| |||| 00| 0 eng d
040 _c0
082 _aDPer 050 R22 2000 June -December 2023 v123 no. 7124-728
100 _aWalker, Anna-Kaisa.
_eauthor.
_961830
245 _aHealth :
_bHousehold air pollution /
_cAnna-Kaisa Walker.
260 _aTaipei ;
_bReader's Digest Asia,
_cNovember 2023.
300 _aVolume 123, pages 16-17 ,
_billustration.
700 _aWalker, Anna-kaisa.
_eauthor.
_961702
942 _2ddc
_cPER
999 _c22010
_d22010